|
|
|
|
| LEADER |
00729nam a2200193 i 4500 |
| 001 |
publ26079 |
| 005 |
20230110145725.0 |
| 008 |
230110s2022 hu o 0|| Angol d |
| 020 |
|
|
|a 9781108914918; 9781108843140; 9781108823937
|
| 024 |
7 |
|
|a 10.1017/9781108914918
|2 doi
|
| 024 |
7 |
|
|a 32695441
|2 mtmt
|
| 040 |
|
|
|a SZTE Publicatio Repozitórium
|b hun
|
| 041 |
|
|
|a Angol
|
| 100 |
1 |
|
|a Mezei Péter
|
| 245 |
1 |
0 |
|a Copyright Exhaustion
|h [elektronikus dokumentum] :
|b Law and Policy in the United States /
|c Mezei Péter
|
| 260 |
|
|
|a Cambridge University Press
|b Cambridge, New York
|c 2022
|
| 300 |
|
|
|a 258
|
| 650 |
|
4 |
|a Jogtudomány
|
| 856 |
4 |
0 |
|u http://publicatio.bibl.u-szeged.hu/26079/1/Mezei-CopyrightExhaustion2ndEd.2022.pdf
|z Dokumentum-elérés
|